<?xml version="1.0" encoding="UTF-8"?>
<marc:record xmlns:marc="http://www.loc.gov/MARC21/slim">
   <marc:leader>00000nam a2200000 a 4500</marc:leader>
   <marc:datafield ind1="1" ind2=" " tag="100">
      <marc:subfield code="a">Ostergaard, Jens</marc:subfield>
      <marc:subfield code="4">aut</marc:subfield>
      <marc:subfield code="e">Verfasser/-in</marc:subfield>
   </marc:datafield>
   <marc:datafield ind1=" " ind2=" " tag="653">
      <marc:subfield code="a">Frau</marc:subfield>
   </marc:datafield>
   <marc:datafield ind1=" " ind2=" " tag="653">
      <marc:subfield code="a">Thriller</marc:subfield>
   </marc:datafield>
   <marc:datafield ind1=" " ind2=" " tag="653">
      <marc:subfield code="a">Kopenhagen</marc:subfield>
   </marc:datafield>
   <marc:datafield ind1="0" ind2="0" tag="245">
      <marc:subfield code="a">Bis ans Ende ihrer Tage</marc:subfield>
   </marc:datafield>
   <marc:datafield ind1="0" ind2="0" tag="245">
      <marc:subfield code="b">Thriller</marc:subfield>
   </marc:datafield>
   <marc:datafield ind1=" " ind2="1" tag="264">
      <marc:subfield code="b">vgs</marc:subfield>
      <marc:subfield code="c">2014</marc:subfield>
   </marc:datafield>
   <marc:datafield ind1="1" ind2=" " tag="520">
      <marc:subfield code="a">Blutüberströmt bricht eine junge Frau mitten in Kopenhagen zusammen. Seltsamerweise ist sie völlig unverletzt. Kommissar Thomas Nyland steht vor einem Rätsel, denn die Frau schweigt beharrlich über die Geschehnisse. Kurze Zeit später wird die Leiche eines Mannes entdeckt - von einem eisernen Speer durchbohrt. Ist es sein Blut, mit dem die Frau bedeckt  war? Nyland versucht, Licht ins Dunkel zu bringen, doch seine Ermittlungen führen ihn in die kranke Welt eines wahnsinnigen Mörders...</marc:subfield>
   </marc:datafield>
   <marc:datafield ind1=" " ind2=" " tag="020">
      <marc:subfield code="a">9783802592676</marc:subfield>
      <marc:subfield code="9">9783802592676</marc:subfield>
   </marc:datafield>
</marc:record>
